Konkurencieschopnosť leteckej nákladnej dopravy diplomová práca

Saved in:
Bibliographic Details
Main Author: Demjanová, Monika
Corporate Author: Obchodná fakulta EU. Katedra medzinárodného obchodu
Other Authors: Hansenová, Heda
Format: Book
Language:Slovak
Published: Bratislava 2010
Tags: Add Tag
No Tags, Be the first to tag this record!

MARC

LEADER 00000nam a2200000 4500
001 0119987
005 20240318122435.4
041 0 |a slo 
044 |a SK 
245 1 0 |a Konkurencieschopnosť leteckej nákladnej dopravy  |b diplomová práca  |c Monika Demjanová ; škol. Heda Hansenová 
264 1 |a Bratislava  |c 2010 
300 |a 73 s. 
100 1 |a Demjanová, Monika 
700 1 |a Hansenová, Heda 
710 2 |a Obchodná fakulta EU. Katedra medzinárodného obchodu